Geography Quiz

Random Geography or World Quiz

'T' Countries by Length Quiz Stats

 Plays Quiz Updated Aug 20, 2015

Challenge
Share
Tweet
Embed
Score 0/8 Timer 01:00
11 Plays Today
Length Country/Countries % Correct
6Taiwan, Tuvalu, Turkey
88.7%
8Thailand, Tanzania
82.8%
4Togo
80.6%
12Turkmenistan
72.1%
10Tajikistan, Timor-Leste
66%
17Trinidad and Tobago
64.3%
5Tonga
54.3%
7Tunisia
40.6%

You're not logged in!

Compare scores with friends on all Sporcle quizzes.
OR
Log In

You Might Also Like...

Show Comments

Extras

Top Quizzes Today


Score Distribution

Your Account Isn't Verified!

In order to create a playlist on Sporcle, you need to verify the email address you used during registration. Go to your Sporcle Settings to finish the process.

Report this User

Report this user for behavior that violates our Community Guidelines.

Details: